| 000 | 00671nam a2200193Ia 4500 | ||
|---|---|---|---|
| 003 | GCL | ||
| 008 | 140319s9999 xx 000 0 ara d | ||
| 040 |
_aGCL / _cGCL |
||
| 082 | 0 | 4 |
_a445 _bف ت |
| 100 | 1 | _aفاتنة مرعشى | |
| 245 | 1 | 0 |
_aتعليم الفرنسية للجميع : _bمحادثة - تعابير - مصطلحات / _cفاتنة مرعشى |
| 250 | _aالثالثة | ||
| 260 |
_aسوريا : _bدار القلم العربى ، _c2005 |
||
| 300 |
_a228 ص ؛ _c19 سم |
||
| 490 |
_aاللغات للجميع _v0 |
||
| 650 | 0 | 4 | _aاللغة الفرنسية |
| 650 | 0 | 4 | _aاللغة الفرنسية - تعليم وتدريس |
| 942 |
_2ddc _cBK |
||
| 999 |
_c10081 _d10081 |
||